000 00454nam a2200169Ia 4500
003 GCL
008 140319s9999 xx 000 0 eng d
040 _aGCL /
_cGCL
082 0 4 _a650
_bH B
100 1 _aHARTLEY, ROBERT F.
245 1 0 _aBUSINESS ETHICS: VIOLATIONS OF THE PUBLIC TRUST /
_cHARTLEY, ROBERT F.
260 _a[S.N] :
_bJOHN WILEY AND SONS. INC ،
_c1993
300 _a324 P
650 0 4 _aBUSINESS
650 0 4 _aETHICS
942 _2ddc
_cBK
999 _c20123
_d20123